000 00466cam a2200169 a 4500
020 _a0070071543
040 _cDLC
082 0 0 _a657 HIL 1998 A053 Or.
100 1 _aYacht, Carol.
245 1 0 _aComputer accounting with Peachtree for Microsoft Windows :
_brelease 3.5 /
250 _a2nd ed.
260 _aBoston :
_bMcGraw-Hill,
_cc1998.
300 _a1 v. (various pagings) :
_bill. ;
_c28 cm.
500 _aIncludes index.
650 0 _aAccounting
942 _cEK
999 _c14866
_d14866